El Marqués de Castell Florite, miembro de honor del Colegio Oficial de Titulares Mercentiles
Descripción Física:
Il·lustracions
Materias:
Buxó de Abaigar, Joaquín, -- marqués de Castell-Florite, -- 1905-1979
; Colegio Oficial de Titulares Mercantiles de Barcelona -- Aniversaris, etc.
Idioma:
Español
MARC
| LEADER | 00000naa a2200000 a 4500 | ||
|---|---|---|---|
| 003 | Arxiu | ||
| 005 | 20260324181042.0 | ||
| 008 | 160829s1953 spcaxx s spa c | ||
| 245 | 0 | 3 | |a El Marqués de Castell Florite, miembro de honor del Colegio Oficial de Titulares Mercentiles |
| 300 | |b Il·lustracions | ||
| 490 | |v San Jorge, |x núm. 12 (octubre 1953), pàg 128-129 | ||
| 600 | 1 | 0 | |a Buxó de Abaigar, Joaquín, |c marqués de Castell-Florite, |d 1905-1979 |9 54201 |
| 610 | 2 | 0 | |9 54839 |a Colegio Oficial de Titulares Mercantiles de Barcelona |x Aniversaris, etc. |
| 773 | |g Núm. 12 (octubre 1953), pàg 128-129 |t San Jorge. | ||
| 901 | |a Arxiu | ||
| 942 | |n 1 |2 udc |c ART | ||
| 952 | |0 0 |1 0 |4 0 |6 REV508 |7 1 |9 64548 |a Arxiu |b Arxiu |d 2022-12-01 |o Rev-508 |r 2022-12-01 00:00:00 |w 2022-12-01 |y ARXIU |z També disponible a Rev-522 | ||
| 999 | |c 49820 |d 49820 | ||